000 02046nam1a22004451 4500
001 RU\NLR\A1\12917
005 20260407103927.0
035 _a(NLR Aleph) 009675350
090 _a9680003
_c9680003
100 _a20260119 rusy50
101 1 _arus
_cfre
102 _aRU
140 _ay a e eayaa0000
200 1 _aВиктор, или Дитя в лесу,
_fсочинение гна Дюкре-Дюминиля, автора Лолотты и Фанфана, Алексиса или Домика в лесу, и проч.
_gПереведенное с французскаго подлинника
210 _aМосква
_cв Университетской типографии, у Ридигера и Клаудия
_d1799-1800
215 _d12°
300 _aЦенз.: Моск. ценз.
321 1 _aСК XVIII 2083
327 0 _aНа с.351-360 ч.4 список подисавшихся на издание.
463 0 _1001RU\NLR\A1\12918
_99680007
_d1799
_pI-VI, 7-262 с., 1 л. ил.
_tЧ.1
463 0 _1001RU\NLR\A1\12919
_99680010
_d1799
_p268 с., 1 л. ил.
_tЧ.2
463 0 _1001RU\NLR\A1\12920
_99680014
_d1800
_p256 с., 1 л. ил.
_tЧ.3
463 0 _1001RU\NLR\A1\12921
_99680018
_d1800
_p360 с., 1 л. ил.
_tЧ.4
517 1 _aДитя в лесу
620 _dМосква
700 1 _4070
_7ca
_8rus
_aДюкре-Дюминиль
_bФ. Г.
_f1761-1819
_gФрансуа Гийом
_9172794
_3RU\NLR\AUTH\770172845
702 1 _aРидигер
_bХ.
_gХристиан
_4610
702 1 _aКлаудий
_bХ.А.
_f-1805
_gХристофор Александрович
_4610
712 0 2 _4610
_aМосковский университет
_bТипография
_3RU\NLR\AUTH\889932963
_9361140
801 0 _aRU
_bNLR
_c19971129
852 _aNLR
_j18.262.5.15-2 (ч.2)
852 _aNLR
_j137/271 (ч.1)
899 _aРГБ
_yЧ.1, 2
899 _aБАН
899 _aВГБИЛ
_yЧ.2 деф.
899 _aГПИБ
942 _cBOOK
980 _aNB
980 _aA1XVIIIv